Справочник биохимика: пер. с англ.

Bibliographic Details
Other Authors: Досон Р., Эллиот Д., Эллиот У., Джонс К.
Language:Russian
Published: Москва, Мир, 1991
Subjects:
Format: Book
KOHA link:https://koha.lib.tpu.ru/cgi-bin/koha/opac-detail.pl?biblionumber=70922

MARC

LEADER 00000nam0a2200000 4500
001 70922
005 20231031082143.0
035 |a (RuTPU)RU\TPU\book\75494 
090 |a 70922 
100 |a 20041203d1991 m y0rusy50 ca 
101 1 |a rus  |c eng 
102 |a RU 
105 |a a g 000zy 
200 1 |a Справочник биохимика  |e пер. с англ.  |f Р. Досон [и др.] 
210 |a Москва  |c Мир  |d 1991 
215 |a 544 с.  |c ил. 
610 1 |a биохимия 
610 1 |a справочники 
675 |a 577.1(03)  |v 3 
701 1 |a Досон  |b Р. 
701 1 |a Эллиот  |b Д. 
701 1 |a Эллиот  |b У. 
701 1 |a Джонс  |b К. 
801 1 |a RU  |b 63413507  |c 20041203  |g PSBO 
801 2 |a RU  |b 63413507  |c 20120213  |g PSBO 
942 |c BK